[Event "Scarborough CC Winter End U1400"]
[Site "Toronto CAN"]
[Date "2012.02.16"]
[Round "1"]
[White "Wu, Mark"]
[Black "Balendra, Harigaran"]
[Result "0-1"]
[WhiteElo "992"]
[BlackElo "1213"]
[PlyCount "68"]
[GameId "2160767909576380"]
[EventDate "2012.02.16"]
[EventType "swiss"]
[EventRounds "5"]
[EventCountry "CAN"]
[SourceTitle "EXT 2022"]
[Source "ChessBase"]
[SourceDate "2021.10.06"]
[SourceVersion "1"]
[SourceVersionDate "2021.10.06"]
[SourceQuality "1"]

1. d4 d5 2. c4 c6 3. e3 Bf5 4. Nc3 e6 5. Nf3 Nd7 6. Be2 dxc4 7. Bxc4 Ngf6 8. O-O Bd6 9. Re1 Bg4 10. h3 Bh5 11. Be2 Nd5 12. Rb1 Bg6 13. Ra1 O-O 14. Nd2 Qc7 15. Nc4 Nb4 16. Nxd6 Qxd6 17. Rf1 Nc2 18. Rb1 Nb4 19. Ra1 Nb6 20. a3 N4d5 21. Re1 Rfe8 22. Bh5 Rf8 23. e4 Nc7 24. Be3 Nb5 25. Bf3 Nc4 26. Nxb5 cxb5 27. Bc1 Qb6 28. b3 Na5 29. b4 Nc4 30. Bf4 Rad8 31. d5 Nb2 32. Qc2 Nc4 33. a4 exd5 34. exd5 Bxc2 0-1

[Event "Scarborough CC Winter End U1400"]
[Site "Toronto CAN"]
[Date "2012.02.16"]
[Round "1"]
[White "Yu, Tianxi"]
[Black "Magee, Michael"]
[Result "0-1"]
[WhiteElo "1029"]
[BlackElo "792"]
[PlyCount "106"]
[GameId "2160767909576381"]
[EventDate "2012.02.16"]
[EventType "swiss"]
[EventRounds "5"]
[EventCountry "CAN"]
[SourceTitle "EXT 2022"]
[Source "ChessBase"]
[SourceDate "2021.10.06"]
[SourceVersion "1"]
[SourceVersionDate "2021.10.06"]
[SourceQuality "1"]

1. e4 c5 2. Nc3 Nf6 3. Nf3 d6 4. e5 dxe5 5. Nxe5 g6 6. Bc4 Be6 7. Bxe6 fxe6 8. O-O Bg7 9. d3 Nbd7 10. Bf4 Nxe5 11. Bxe5 O-O 12. d4 cxd4 13. Qxd4 Qxd4 14. Bxd4 Rfd8 15. Rad1 b6 16. Bxf6 exf6 17. Rxd8+ Rxd8 18. Rd1 Rxd1+ 19. Nxd1 f5 20. b3 h5 21. h3 Kh7 22. f3 a5 23. Ne3 Bd4 24. Kf2 f4 25. c3 Bxe3+ 26. Ke2 Kh6 27. Kd3 g5 28. Kc4 g4 29. fxg4 hxg4 30. hxg4 Kg5 31. b4 axb4 32. Kxb4 e5 33. Kc4 Kxg4 34. Kd5 Kf5 35. a4 e4 36. c4 f3 37. gxf3 exf3 38. a5 bxa5 39. c5 Bxc5 40. Kxc5 f2 41. Kb5 f1=Q+ 42. Kxa5 Ke5 43. Kb6 Kd6 44. Kb7 Qd1 45. Kb8 Kd7 46. Kb7 Qb1+ 47. Ka6 Kc6 48. Ka5 Qb6+ 49. Ka4 Kc5 50. Ka3 Kc4 51. Ka2 Kc3 52. Ka1 Kc2 53. Ka2 Qa6# 0-1

[Event "Scarborough CC Winter End U1400"]
[Site "Toronto CAN"]
[Date "2012.02.23"]
[Round "2"]
[White "Balendra, Harigaran"]
[Black "Wang, Yanning"]
[Result "1/2-1/2"]
[WhiteElo "1213"]
[BlackElo "1047"]
[PlyCount "46"]
[GameId "2160767909576382"]
[EventDate "2012.02.16"]
[EventType "swiss"]
[EventRounds "5"]
[EventCountry "CAN"]
[SourceTitle "EXT 2022"]
[Source "ChessBase"]
[SourceDate "2021.10.06"]
[SourceVersion "1"]
[SourceVersionDate "2021.10.06"]
[SourceQuality "1"]

1. e4 e5 2. Nf3 Nc6 3. Bb5 Nf6 4. O-O Ng4 5. h3 h5 6. Nh2 d6 7. Be2 Qh4 8. d3 Nxh2 9. Kxh2 Nd4 10. Nc3 Qf6 11. Nd5 Qd8 12. f4 c6 13. Nc3 Qe7 14. Kh1 Bd7 15. fxe5 dxe5 16. Be3 O-O-O 17. Bxh5 Nxc2 18. Qxc2 Rxh5 19. Bxa7 f6 20. Nd5 Qf7 21. Nb6+ Kc7 22. Nd5+ Kc8 23. Nb6+ Kc7 1/2-1/2

[Event "Scarborough CC Winter End U1400"]
[Site "Toronto CAN"]
[Date "2012.02.23"]
[Round "2"]
[White "Deng, Yi"]
[Black "Lu, Leo"]
[Result "1/2-1/2"]
[WhiteElo "1035"]
[BlackElo "911"]
[PlyCount "67"]
[GameId "2160767909576383"]
[EventDate "2012.02.16"]
[EventType "swiss"]
[EventRounds "5"]
[EventCountry "CAN"]
[SourceTitle "EXT 2022"]
[Source "ChessBase"]
[SourceDate "2021.10.06"]
[SourceVersion "1"]
[SourceVersionDate "2021.10.06"]
[SourceQuality "1"]

1. e4 e5 2. Bc4 Nf6 3. Nc3 Bc5 4. Nf3 Nc6 5. Ng5 O-O 6. O-O Ng4 7. Qxg4 d5 8. Qh4 h6 9. exd5 hxg5 10. Qh5 Nd4 11. Bd3 f5 12. Bc4 Rf6 13. Qxg5 Be7 14. d6+ Be6 15. dxe7 Qxe7 16. Nd5 Bxd5 17. Bxd5+ Kf8 18. Qh4 Qd6 19. Qg5 Ke7 20. Qxg7+ Ke8 21. Bxb7 Rg6 22. Qh8+ Kd7 23. Qh7+ Kd8 24. Bxa8 c6 25. c3 Nf3+ 26. Kh1 Rh6 27. Qg8+ Ke7 28. gxf3 e4 29. Qg3 Qd3 30. fxe4 Qxf1+ 31. Qg1 Qh3 32. d4 Qf3+ 33. Qg2 Qd1+ 34. Qg1 1/2-1/2

[Event "Scarborough CC Winter End U1400"]
[Site "Toronto CAN"]
[Date "2012.02.23"]
[Round "2"]
[White "Lin, Benjamin1"]
[Black "Jimenez, Michael"]
[Result "1-0"]
[WhiteElo "1254"]
[BlackElo "920"]
[PlyCount "75"]
[GameId "2160767909576384"]
[EventDate "2012.02.16"]
[EventType "swiss"]
[EventRounds "5"]
[EventCountry "CAN"]
[SourceTitle "EXT 2022"]
[Source "ChessBase"]
[SourceDate "2021.10.06"]
[SourceVersion "1"]
[SourceVersionDate "2021.10.06"]
[SourceQuality "1"]

1. c4 e5 2. Nc3 Nf6 3. d3 d6 4. e4 Be6 5. Be2 Nc6 6. Nf3 Be7 7. O-O O-O 8. Be3 Re8 9. Nd5 Ng4 10. Bd2 Nf6 11. a3 Bf8 12. Rc1 Be7 13. b4 a6 14. Rc3 Nb8 15. Ne1 c6 16. Ne3 c5 17. N1c2 Nc6 18. f4 Bd7 19. f5 g6 20. Ng4 Qc7 21. fxg6 hxg6 22. Nxf6+ Bxf6 23. Rxf6 Qd8 24. Bg5 Re7 25. Rf1 Qf8 26. Bxe7 Qxe7 27. Bg4 Be8 28. Qf3 Bd7 29. Bxd7 Qxd7 30. Qh3 Qe7 31. Qg4 Nd4 32. Nxd4 cxd4 33. Rc2 Qe8 34. Rcf2 b6 35. Rxf7 Qxf7 36. Rxf7 Rf8 37. Qxg6+ Kh8 38. Rh7# 1-0

[Event "Scarborough CC Winter End U1400"]
[Site "Toronto CAN"]
[Date "2012.02.23"]
[Round "2"]
[White "Magee, Bruce"]
[Black "Wu, Mark"]
[Result "0-1"]
[WhiteElo "792"]
[BlackElo "992"]
[PlyCount "78"]
[GameId "2160767909576385"]
[EventDate "2012.02.16"]
[EventType "swiss"]
[EventRounds "5"]
[EventCountry "CAN"]
[SourceTitle "EXT 2022"]
[Source "ChessBase"]
[SourceDate "2021.10.06"]
[SourceVersion "1"]
[SourceVersionDate "2021.10.06"]
[SourceQuality "1"]

1. e4 e5 2. Nf3 Nc6 3. Bc4 Bc5 4. O-O Nf6 5. Ng5 O-O 6. Re1 h6 7. Nf3 Re8 8. Nc3 d6 9. h3 a6 10. d3 Be6 11. Bxe6 fxe6 12. Ne2 Rf8 13. d4 exd4 14. Nfxd4 Nxe4 15. Be3 Nxd4 16. Nxd4 Qe7 17. Qg4 d5 18. Qxe6+ Rf7 19. f3 Bxd4 20. Bxd4 Qxe6 21. fxe4 dxe4 22. Re2 Raf8 23. Ree1 Qc4 24. Rxe4 Rf1+ 25. Rxf1 Rxf1+ 26. Kh2 Qxc2 27. Rg4 g5 28. Rg3 Qc4 29. Bg1 Qxa2 30. h4 Rxg1 31. Kxg1 Qxb2 32. hxg5 hxg5 33. Rxg5+ Kf7 34. Rh5 Qb1+ 35. Kh2 Ke7 36. g4 b5 37. g5 b4 38. Rh6 Kf7 39. g6+ Qxg6 0-1

[Event "Scarborough CC Winter End U1400"]
[Site "Toronto CAN"]
[Date "2012.02.23"]
[Round "2"]
[White "Magee, Michael"]
[Black "Guo, Thomas"]
[Result "0-1"]
[WhiteElo "619"]
[BlackElo "1112"]
[PlyCount "52"]
[GameId "2160767909576386"]
[EventDate "2012.02.16"]
[EventType "swiss"]
[EventRounds "5"]
[EventCountry "CAN"]
[SourceTitle "EXT 2022"]
[Source "ChessBase"]
[SourceDate "2021.10.06"]
[SourceVersion "1"]
[SourceVersionDate "2021.10.06"]
[SourceQuality "1"]

1. e4 e5 2. Nf3 Nc6 3. Bc4 Nf6 4. Ng5 d5 5. exd5 Na5 6. d3 Nxd5 7. Nc3 Nxc3 8. bxc3 Nxc4 9. dxc4 Qxd1+ 10. Kxd1 f6 11. Ne4 Bf5 12. Re1 Rd8+ 13. Bd2 Bd6 14. Nxd6+ Rxd6 15. c5 Rd7 16. Kc1 O-O 17. Rb1 c6 18. f3 Rfd8 19. Be3 Bg6 20. g4 f5 21. Bg5 Re8 22. Kb2 h6 23. Bh4 fxg4 24. Rbd1 Rxd1 25. Rxd1 gxf3 26. a4 e4 0-1

[Event "Scarborough CC Winter End U1400"]
[Site "Toronto CAN"]
[Date "2012.02.23"]
[Round "2"]
[White "Mahoney, Sean"]
[Black "Ming, Wenyang"]
[Result "0-1"]
[WhiteElo "904"]
[BlackElo "1253"]
[PlyCount "46"]
[GameId "2160767909576387"]
[EventDate "2012.02.16"]
[EventType "swiss"]
[EventRounds "5"]
[EventCountry "CAN"]
[SourceTitle "EXT 2022"]
[Source "ChessBase"]
[SourceDate "2021.10.06"]
[SourceVersion "1"]
[SourceVersionDate "2021.10.06"]
[SourceQuality "1"]

1. e4 c5 2. d4 cxd4 3. Qxd4 Nc6 4. Qd1 Nf6 5. Nc3 e6 6. a3 Bc5 7. Nf3 d6 8. Bc4 a6 9. Bb3 b5 10. a4 b4 11. Ne2 Nxe4 12. Be3 Bxe3 13. fxe3 Ng5 14. O-O Nxf3+ 15. Rxf3 Bb7 16. Rf1 O-O 17. Nd4 Qe7 18. Qd3 Ne5 19. Qd2 Nc6 20. Rf4 Nxd4 21. Qxd4 e5 22. Bxf7+ Kh8 23. Qe4 Bxe4 0-1

[Event "Scarborough CC Winter End U1400"]
[Site "Toronto CAN"]
[Date "2012.02.23"]
[Round "2"]
[White "Marcelino, Daryl"]
[Black "Souchko, Larissa"]
[Result "0-1"]
[WhiteElo "973"]
[BlackElo "1110"]
[PlyCount "107"]
[GameId "2160767909576388"]
[EventDate "2012.02.16"]
[EventType "swiss"]
[EventRounds "5"]
[EventCountry "CAN"]
[SourceTitle "EXT 2022"]
[Source "ChessBase"]
[SourceDate "2021.10.06"]
[SourceVersion "1"]
[SourceVersionDate "2021.10.06"]
[SourceQuality "1"]

1. e4 c5 2. c4 Nc6 3. Nf3 e6 4. Be2 d6 5. O-O g6 6. d3 Bg7 7. Nc3 e5 8. Nd5 Nge7 9. Bg5 h6 10. Bf6 O-O 11. Qd2 Qd7 12. Nxe7+ Nxe7 13. Bxg7 Kxg7 14. a3 b6 15. Rab1 Bb7 16. b4 Rab8 17. Qe3 f5 18. exf5 Nxf5 19. Qd2 Qe7 20. h3 Ba8 21. Nh2 Nd4 22. Bg4 Rh8 23. Nf3 h5 24. Nxd4 cxd4 25. Be2 Rbf8 26. f3 Qh4 27. Rfc1 Rf4 28. Kh2 Rhf8 29. g3 Qe7 30. gxf4 exf4 31. Rb2 Qh4 32. Rbc2 Qg3+ 33. Kh1 Qxh3+ 34. Kg1 Rf5 35. c5 Rg5+ 36. Kf2 Rg2+ 37. Ke1 Qh4+ 38. Kd1 Qh1+ 39. Qe1 Rg1 40. Qxg1 Qxg1+ 41. Kd2 Qg2 42. cxd6 Bxf3 43. Re1 Bg4 44. Kd1 Qd5 45. Rc7+ Kh6 46. Bxg4 hxg4 47. d7 Qb3+ 48. Rc2 Qxd3+ 49. Rd2 Qb1+ 50. Ke2 f3+ 51. Kf2 g3+ 52. Kxg3 Qxe1+ 53. Rf2 Qe7 54. Rh2+ 0-1

[Event "Scarborough CC Winter End U1400"]
[Site "Toronto CAN"]
[Date "2012.02.23"]
[Round "2"]
[White "Maurer, Hans"]
[Black "Yu, Tianxi"]
[Result "1-0"]
[WhiteElo "914"]
[BlackElo "1029"]
[PlyCount "51"]
[GameId "2160767909576389"]
[EventDate "2012.02.16"]
[EventType "swiss"]
[EventRounds "5"]
[EventCountry "CAN"]
[SourceTitle "EXT 2022"]
[Source "ChessBase"]
[SourceDate "2021.10.06"]
[SourceVersion "1"]
[SourceVersionDate "2021.10.06"]
[SourceQuality "1"]

1. e4 e5 2. Nf3 Nf6 3. Nc3 Nc6 4. Bc4 Bb4 5. d3 d5 6. Bb3 d4 7. a3 dxc3 8. axb4 cxb2 9. Bxb2 Nxb4 10. Ba3 a5 11. Bxb4 b6 12. Nxe5 Qd4 13. Nc6 Qd7 14. Ne5 Qb5 15. Ba4 Qxa4 16. Rxa4 b5 17. Rxa5 Rxa5 18. Bxa5 Ke7 19. O-O c6 20. Bb4+ Ke6 21. Nxc6 Bb7 22. Nd4+ Ke5 23. c3 Nxe4 24. dxe4 Bxe4 25. Qh5+ Kf4 26. Ne2# 1-0

[Event "Scarborough CC Winter End U1400"]
[Site "Toronto CAN"]
[Date "2012.02.23"]
[Round "2"]
[White "Paraparan, Varshini"]
[Black "Liu, Daniel1"]
[Result "1-0"]
[WhiteElo "1126"]
[BlackElo "1019"]
[PlyCount "103"]
[GameId "2160767909576390"]
[EventDate "2012.02.16"]
[EventType "swiss"]
[EventRounds "5"]
[EventCountry "CAN"]
[SourceTitle "EXT 2022"]
[Source "ChessBase"]
[SourceDate "2021.10.06"]
[SourceVersion "1"]
[SourceVersionDate "2021.10.06"]
[SourceQuality "1"]

1. e4 e5 2. Nf3 Nc6 3. Bb5 Qe7 4. d3 Nf6 5. O-O a6 6. Ba4 d6 7. Bg5 Bd7 8. c3 b5 9. Bc2 h6 10. Be3 Be6 11. Nbd2 Qd7 12. Re1 Be7 13. Nf1 O-O 14. Ng3 d5 15. a4 Rfe8 16. axb5 axb5 17. Qe2 Rxa1 18. Rxa1 b4 19. Ba4 bxc3 20. bxc3 Ra8 21. Qe1 Qd6 22. Bxc6 Qxc6 23. Nxe5 Rxa1 24. Qxa1 Qb7 25. f3 Bd6 26. c4 Bxe5 27. Qxe5 Qb1+ 28. Nf1 Qxd3 29. cxd5 Bd7 30. Qxc7 Bb5 31. Qc1 Nd7 32. Ng3 Ne5 33. Bf2 Nc4 34. Qf1 Qxf1+ 35. Nxf1 Na5 36. Ne3 g6 37. g4 f6 38. Bg3 Kf7 39. f4 Ke7 40. e5 fxe5 41. fxe5 Nc4 42. Nxc4 Bxc4 43. d6+ Kd7 44. Kf2 Ke6 45. h4 Ba2 46. Bf4 h5 47. gxh5 gxh5 48. Ke3 Bb3 49. Bh2 Bd5 50. Kd4 Bf3 51. Kc5 Bd5 52. d7 1-0

[Event "Scarborough CC Winter End U1400"]
[Site "Toronto CAN"]
[Date "2012.02.23"]
[Round "2"]
[White "Patel, Alay"]
[Black "Nasirov, Ildar"]
[Result "1/2-1/2"]
[WhiteElo "890"]
[BlackElo "1118"]
[PlyCount "72"]
[GameId "2160767909576391"]
[EventDate "2012.02.16"]
[EventType "swiss"]
[EventRounds "5"]
[EventCountry "CAN"]
[SourceTitle "EXT 2022"]
[Source "ChessBase"]
[SourceDate "2021.10.06"]
[SourceVersion "1"]
[SourceVersionDate "2021.10.06"]
[SourceQuality "1"]

1. e3 e5 2. Nf3 Nc6 3. Nc3 Nf6 4. Bc4 Bb4 5. Ng5 d5 6. Bb3 O-O 7. O-O h6 8. Nf3 e4 9. Nh4 Nh7 10. g3 Ng5 11. d3 Be7 12. dxe4 Nh3+ 13. Kh1 Bxh4 14. gxh4 Qf6 15. Qe2 dxe4 16. Nxe4 Qg6 17. Ng3 Re8 18. Qf3 Na5 19. h5 Bg4 20. Qg2 Qf6 21. f3 Bd7 22. Ne4 Qf5 23. Ng3 Qg5 24. f4 Qg4 25. f5 Bc6 26. Bd5 Bb5 27. Rf3 Rad8 28. Nf1 Qxh5 29. f6 g6 30. Rxh3 Qxd5 31. Bd2 Qxg2+ 32. Kxg2 Bxf1+ 33. Kxf1 Rxd2 34. Rxh6 Rxe3 35. Re1 Rf3+ 36. Kg1 Rxf6 1/2-1/2

[Event "Scarborough CC Winter End U1400"]
[Site "Toronto CAN"]
[Date "2012.02.23"]
[Round "2"]
[White "Pulogarajah, Kaarthic"]
[Black "Patel, Saiyam"]
[Result "1-0"]
[WhiteElo "1015"]
[BlackElo "910"]
[PlyCount "41"]
[GameId "2160767909576392"]
[EventDate "2012.02.16"]
[EventType "swiss"]
[EventRounds "5"]
[EventCountry "CAN"]
[SourceTitle "EXT 2022"]
[Source "ChessBase"]
[SourceDate "2021.10.06"]
[SourceVersion "1"]
[SourceVersionDate "2021.10.06"]
[SourceQuality "1"]

1. e4 e6 2. d4 Nf6 3. Nc3 Nc6 4. Nf3 Be7 5. a3 O-O 6. d5 Na5 7. b4 Ng4 8. h3 Nf6 9. bxa5 Ne8 10. Bc4 Bf6 11. e5 Nd6 12. Bb3 Nb5 13. Nxb5 Be7 14. O-O d6 15. Re1 c6 16. exd6 Bf6 17. Nc7 Rb8 18. Rb1 Qxd6 19. Nxe6 fxe6 20. dxe6 Rd8 21. e7+ 1-0

[Event "Scarborough CC Winter End U1400"]
[Site "Toronto CAN"]
[Date "2012.02.23"]
[Round "2"]
[White "Roy, Lawrence"]
[Black "Roy, Harrison"]
[Result "1-0"]
[WhiteElo "1004"]
[BlackElo "855"]
[PlyCount "50"]
[GameId "2160767909576393"]
[EventDate "2012.02.16"]
[EventType "swiss"]
[EventRounds "5"]
[EventCountry "CAN"]
[SourceTitle "EXT 2022"]
[Source "ChessBase"]
[SourceDate "2021.10.06"]
[SourceVersion "1"]
[SourceVersionDate "2021.10.06"]
[SourceQuality "1"]

1. e4 e5 2. Nf3 Nf6 3. Nxe5 d6 4. Nf3 Nxe4 5. Qe2 Qe7 6. d3 Nf6 7. Bg5 Qxe2+ 8. Bxe2 Be7 9. d4 d5 10. Nc3 Nc6 11. O-O O-O 12. Rfe1 Re8 13. Rad1 Bg4 14. h3 Bxf3 15. Bxf3 h6 16. Bxf6 Bxf6 17. Rxe8+ Rxe8 18. Nxd5 Nxd4 19. Nxc7 Nxf3+ 20. gxf3 Rc8 21. Nd5 Bxb2 22. Ne7+ Kf8 23. Nxc8 a6 24. Rd3 Ke8 25. Rb3 Kd8 1-0

[Event "Scarborough CC Winter End U1400"]
[Site "Toronto CAN"]
[Date "2012.02.23"]
[Round "2"]
[White "Sekar, Varun"]
[Black "Liang, Hairan"]
[Result "1-0"]
[WhiteElo "1255"]
[BlackElo "790"]
[PlyCount "117"]
[GameId "2160767909576394"]
[EventDate "2012.02.16"]
[EventType "swiss"]
[EventRounds "5"]
[EventCountry "CAN"]
[SourceTitle "EXT 2022"]
[Source "ChessBase"]
[SourceDate "2021.10.06"]
[SourceVersion "1"]
[SourceVersionDate "2021.10.06"]
[SourceQuality "1"]

1. e4 e5 2. Nf3 Nc6 3. Bc4 Bc5 4. c3 Nf6 5. d4 exd4 6. cxd4 Bd6 7. e5 Bb4+ 8. Bd2 Bxd2+ 9. Nfxd2 Ng8 10. Nf3 d5 11. Bb3 Bg4 12. Qd3 f6 13. Nbd2 fxe5 14. Nxe5 Nf6 15. O-O Qe7 16. Nxg4 Nxg4 17. Rfe1 Nce5 18. dxe5 c6 19. h3 Nxe5 20. Qg3 O-O 21. Qxe5 Qh4 22. Nf3 Qh6 23. Qe6+ Qxe6 24. Rxe6 Rad8 25. Rae1 c5 26. Rd1 c4 27. Bc2 Rf4 28. Rd4 Rxd4 29. Nxd4 a6 30. Re7 b5 31. Rxg7+ Kxg7 32. Ne6+ Kf6 33. Nxd8 d4 34. Bxh7 d3 35. Bxd3 cxd3 36. Kf1 Ke5 37. Ke1 Ke4 38. Kd2 a5 39. Nc6 b4 40. Nxa5 Kf4 41. Kxd3 Kg5 42. Kc4 Kf4 43. Kxb4 Ke4 44. Kc5 Kf4 45. b4 Ke4 46. b5 Kd3 47. b6 Ke2 48. b7 Kxf2 49. b8=Q Kxg2 50. h4 Kh3 51. h5 Kg4 52. h6 Kg5 53. h7 Kg6 54. h8=Q Kf5 55. Qbe5+ Kg4 56. Qg8+ Kf3 57. Qf8+ Kg4 58. Qeg7+ Kh5 59. Qfh8# 1-0

[Event "Scarborough CC Winter End U1400"]
[Site "Toronto CAN"]
[Date "2012.02.23"]
[Round "2"]
[White "Stroempl, Hedi"]
[Black "Chen, George"]
[Result "0-1"]
[WhiteElo "1061"]
[BlackElo "1254"]
[PlyCount "134"]
[GameId "2160767909576395"]
[EventDate "2012.02.16"]
[EventType "swiss"]
[EventRounds "5"]
[EventCountry "CAN"]
[SourceTitle "EXT 2022"]
[Source "ChessBase"]
[SourceDate "2021.10.06"]
[SourceVersion "1"]
[SourceVersionDate "2021.10.06"]
[SourceQuality "1"]

1. e4 c5 2. Nf3 Nc6 3. Bb5 d6 4. Bxc6+ bxc6 5. O-O Bg4 6. h3 Be6 7. b3 Nf6 8. d3 g6 9. Nc3 Bg7 10. Bb2 O-O 11. Rb1 Bd7 12. Ne2 e6 13. c4 Bc8 14. Re1 Bb7 15. Ng3 d5 16. e5 Nd7 17. Ba3 Re8 18. b4 cxb4 19. Rxb4 Rb8 20. Ra4 a5 21. Qd2 Ra8 22. Bb2 Nc5 23. Ra3 Bc8 24. d4 Nb7 25. c5 Qc7 26. Bc3 Bd7 27. Rb1 Ra7 28. Rab3 Rea8 29. a4 Bc8 30. Ne2 Qd7 31. Qg5 Qe8 32. Qh4 Qd7 33. Ng5 h6 34. Nf3 Qe8 35. Bd2 Qf8 36. Nh2 Rb8 37. Ng4 h5 38. Nf6+ Bxf6 39. Qxf6 Raa8 40. Rb6 Ra7 41. Rxc6 Bd7 42. Rcb6 Bxa4 43. c6 Bxc6 44. Rxc6 a4 45. Rbc1 Raa8 46. Nc3 Nd8 47. Rc5 a3 48. Ra1 Rb4 49. Be3 Rbb8 50. Nb5 a2 51. Nc3 Rb2 52. Bc1 Rb4 53. Qf4 Qxc5 54. Rxa2 Rxa2 55. dxc5 Rxf4 56. Nxa2 Ra4 57. Nc3 Rc4 58. Bd2 Rxc5 59. Na4 Rc2 60. Be3 Nc6 61. f4 d4 62. Bf2 Ra2 63. Nb6 d3 64. Nc4 d2 65. Ne3 Ra1+ 66. Kh2 d1=Q 67. Nxd1 Rxd1 0-1

[Event "Scarborough CC Winter End U1400"]
[Site "Toronto CAN"]
[Date "2012.03.01"]
[Round "3"]
[White "Chen, George"]
[Black "Paraparan, Varshini"]
[Result "1-0"]
[WhiteElo "1254"]
[BlackElo "1126"]
[PlyCount "108"]
[GameId "2160767909576396"]
[EventDate "2012.02.16"]
[EventType "swiss"]
[EventRounds "5"]
[EventCountry "CAN"]
[SourceTitle "EXT 2022"]
[Source "ChessBase"]
[SourceDate "2021.10.06"]
[SourceVersion "1"]
[SourceVersionDate "2021.10.06"]
[SourceQuality "1"]

1. d4 Nf6 2. Nf3 e6 3. c4 d5 4. cxd5 exd5 5. Nc3 Be7 6. e3 O-O 7. Bd3 Re8 8. O-O Nbd7 9. h3 Nf8 10. Bd2 Be6 11. Qb3 b6 12. Qc2 Qc8 13. Ne2 Bd6 14. Be1 Bd7 15. Qd2 Ne4 16. Bxe4 dxe4 17. Nh2 Re6 18. Ng3 Rg6 19. Qc2 Bf5 20. Nxf5 Qxf5 21. Kh1 Re8 22. Qe2 Rh6 23. Qg4 Qb5 24. Bc3 Rg6 25. Qd1 Qg5 26. Qg4 Qh6 27. Qe2 Bxh2 28. Kxh2 Qg5 29. Rg1 Nd7 30. a3 Nf6 31. Rac1 Qh4 32. Rc2 Re6 33. Rd2 Ng4+ 34. Kh1 Ref6 35. Rf1 Rh6 36. Rc2 Rfg6 37. f3 Nf6 38. Be1 Qg5 39. f4 Qf5 40. Rg1 Ng4 41. Rxc7 Nf6 42. Rc2 a5 43. Rc6 Nd5 44. Rxg6 Qxg6 45. Bd2 Qf5 46. Kh2 Nf6 47. g4 Qe6 48. Rg3 Nd7 49. Bc3 Qd6 50. Kg2 Qe6 51. Qb5 Qd6 52. Qb3 Qc6 53. Qd1 Qd6 54. Qb1 Qc6 1-0

[Event "Scarborough CC Winter End U1400"]
[Site "Toronto CAN"]
[Date "2012.03.01"]
[Round "3"]
[White "Guo, Thomas"]
[Black "Ming, Wenyang"]
[Result "0-1"]
[WhiteElo "1112"]
[BlackElo "1253"]
[PlyCount "61"]
[GameId "2160767909576397"]
[EventDate "2012.02.16"]
[EventType "swiss"]
[EventRounds "5"]
[EventCountry "CAN"]
[SourceTitle "EXT 2022"]
[Source "ChessBase"]
[SourceDate "2021.10.06"]
[SourceVersion "1"]
[SourceVersionDate "2021.10.06"]
[SourceQuality "1"]

1. e4 c5 2. c3 Nf6 3. Bc4 Nxe4 4. Qf3 Nf6 5. d4 cxd4 6. cxd4 Nc6 7. Ne2 Qb6 8. Nbc3 Nxd4 9. Nxd4 Qxd4 10. Nb5 Qxc4 11. a4 a6 12. b3 Qe6+ 13. Qe3 Qxe3+ 14. Bxe3 axb5 15. O-O bxa4 16. bxa4 e6 17. Rac1 Ng4 18. Rfe1 Bb4 19. Re2 Nxe3 20. fxe3 O-O 21. Rec2 d6 22. Rc4 Bc5 23. R1c3 b6 24. Kf1 Ba6 25. Ke1 Bxc4 26. Rxc4 Bxe3 27. Rh4 Rfd8 28. Ke2 Bg1 29. h3 b5 30. Rb4 bxa4 31. Kd2 0-1

[Event "Scarborough CC Winter End U1400"]
[Site "Toronto CAN"]
[Date "2012.03.01"]
[Round "3"]
[White "Kaneshalingam, Mathanhe"]
[Black "Sekar, Varun"]
[Result "0-1"]
[WhiteElo "1009"]
[BlackElo "1255"]
[PlyCount "113"]
[GameId "2160767909576398"]
[EventDate "2012.02.16"]
[EventType "swiss"]
[EventRounds "5"]
[EventCountry "CAN"]
[SourceTitle "EXT 2022"]
[Source "ChessBase"]
[SourceDate "2021.10.06"]
[SourceVersion "1"]
[SourceVersionDate "2021.10.06"]
[SourceQuality "1"]

1. d4 d5 2. c4 e6 3. Nc3 c5 4. e3 Nf6 5. Nf3 Nc6 6. Be2 Bd6 7. O-O O-O 8. b3 b6 9. Bb2 Be7 10. Rc1 Re8 11. cxd5 exd5 12. Bb5 Bd7 13. dxc5 a6 14. Bxc6 Bxc6 15. cxb6 Qxb6 16. Nd4 Bb7 17. Na4 Qd8 18. Qd3 a5 19. Rfd1 Ba6 20. Qc2 Rc8 21. Bc3 Ne4 22. Qb2 Nxc3 23. Rxc3 Rxc3 24. Qxc3 Bb4 25. Qc6 Bc8 26. Nc2 Be6 27. Nxb4 axb4 28. Qb6 Qb8 29. Qxb8 Rxb8 30. Nc5 Rb5 31. Nxe6 fxe6 32. Rc1 Ra5 33. Rc2 Kf7 34. f4 h6 35. Kf2 g5 36. g3 g4 37. Kg2 h5 38. h3 Kf6 39. hxg4 hxg4 40. Kf2 Kf5 41. Ke2 Ke4 42. Rd2 e5 43. fxe5 Kxe5 44. Kd3 Rc5 45. Ke2 Rb5 46. Rd4 Kf5 47. Kf2 Ra5 48. Rd2 Ke5 49. Ke2 Ra8 50. Kd3 Rc8 51. Ke2 Rh8 52. Kd3 Rh3 53. Rg2 Rh1 54. Rf2 Rg1 55. Rf4 Rxg3 56. Rxb4 Rg2 57. a4 0-1

[Event "Scarborough CC Winter End U1400"]
[Site "Toronto CAN"]
[Date "2012.03.01"]
[Round "3"]
[White "Liu, Daniel1"]
[Black "Mahoney, Sean"]
[Result "1-0"]
[WhiteElo "1019"]
[BlackElo "904"]
[PlyCount "63"]
[GameId "2160767909576399"]
[EventDate "2012.02.16"]
[EventType "swiss"]
[EventRounds "5"]
[EventCountry "CAN"]
[SourceTitle "EXT 2022"]
[Source "ChessBase"]
[SourceDate "2021.10.06"]
[SourceVersion "1"]
[SourceVersionDate "2021.10.06"]
[SourceQuality "1"]

1. e4 e5 2. Nf3 Nc6 3. Bc4 h6 4. Nc3 Nf6 5. d3 Bc5 6. h3 Nd4 7. O-O d6 8. Be3 O-O 9. Re1 Bd7 10. a3 Rb8 11. b4 Bb6 12. Bd2 c5 13. Nd5 Nxd5 14. Bxd5 Ba4 15. Nxd4 cxd4 16. Rc1 Rc8 17. Bxb7 Rc7 18. Bd5 Bd7 19. Qf3 Be6 20. Qg3 Kh8 21. f4 exf4 22. Bxf4 Rd7 23. Bc6 Rc7 24. Ba4 Rc8 25. Bxd6 Re8 26. Bxe8 Qxe8 27. Bf4 f5 28. exf5 Bxf5 29. Rxe8+ Rxe8 30. Be5 Re7 31. Rf1 Rf7 32. Rxf5 1-0